[Event "Romanian Open 2021"]
[Site "Alba Iulia"]
[Date "2021.11.22"]
[Round "3.10"]
[White "Antal, Hunor-Zoltan"]
[Black "Botea, David-Alexandru"]
[Result "1-0"]
[WhiteElo "2111"]
[BlackElo "2013"]
[Annotator "TA"]
[PlyCount "103"]
[EventDate "2021.11.21"]
[EventType "swiss"]
[EventCountry "ROU"]
[SourceTitle "playchess.com"]
[Source "ChessBase"]
[SourceQuality "1"]

{[%evp 17,103,29,50,17,37,34,34,31,63,22,33,39,33,45,85,78,94,39,97,63,60,51,55,29,62,26,86,103,220,215,212,208,246,256,350,352,347,345,532,534,550,550,550,537,509,495,586,641,571,0,571,561,632,568,625,619,608,613,595,548,559,426,433,423,430,425,712,698,691,683,629,636,643,620,797,763,745,721,5097,4508,4132,2510,834,922,29953,11497,6157,6157]} 1. e4 d6 2. d4 Nf6 3. Nc3 g6 4. Nf3 Bg7 5. Be2 O-O 6. O-O c6 7. a4 Qc7 8. Be3 Nbd7 9. h3 Re8 10. Qd3 {B08: Pirc Defence: Classical System.} e5 11. dxe5 $1 dxe5 12. a5 {White is slightly better.} Nf8 13. Qc4 Be6 14. Qa4 {[#]} N8d7 $146 ({Predecessor:} 14... h6 15. Rfd1 g5 16. Bc5 N6d7 17. Bd6 Qc8 18. Nd2 Ng6 19. Nc4 b5 20. axb6 axb6 21. Qxa8 Qxa8 22. Rxa8 Rxa8 {½-½ (55) Gonzalez Garcia,Z (1822)-Hidalgo Santana,F (2201) Santa Cruz de Tenerife 2015}) 15. Ng5 Bf8 16. Nxe6 Rxe6 17. Qc4 (17. b4 $16) 17... Qd6 (17... Qd8 $14) 18. Qa2 Ree8 19. Bc4 Qe7 20. Rfd1 Kg7 21. Rd2 b5 (21... Red8 $11) 22. axb6 $1 $16 {Black is on the road to losing.} axb6 (22... Nxb6 $16 {was called for.} 23. Bb3 Qb7) 23. Qxa8 $18 Rxa8 24. Rxa8 b5 25. Bb3 b4 {[#]} 26. Na4 Nxe4 27. Rd1 Ndc5 (27... Nef6 $142 28. Ra7 Qe8) 28. Nxc5 Nxc5 29. Bxc5 Qxc5 30. Rd7 Be7 31. Raa7 Bh4 32. Rxf7+ Kh6 {With the idea ...Bxf2+.} 33. Rxh7+ Kg5 34. Raf7 e4 35. Kf1 {aiming for g3.} Qb5+ 36. Ke1 {Threatens to win with g3.} e3 37. g3 {[%csl Gh7][%cal Rg3h4]} exf2+ 38. Kxf2 {[%csl Gh7][%cal Rg3h4]} Qc5+ 39. Kg2 {[%csl Gh7][%cal Rg3h4]} Bxg3 40. Kxg3 {[%csl Gg3,Gh7][%cal Rh3h4]} Qe3+ {[#]} 41. Kg2 $1 {And now Bc4 would win.} Qe2+ (41... Qe4+ $142 42. Kf2 Qd4+ 43. Kg2 Qe4+ 44. Rf3 Qe2+ 45. Rf2 Qe4+ 46. Kf1 Qh1+ 47. Ke2 Qe4+ 48. Kd2 c5) 42. Rf2 Qe4+ 43. Kf1 {Rg2+ is the strong threat.} Qh1+ 44. Ke2 Qe4+ 45. Kd1 c5 46. h4+ Kg4 47. Rhf7 Qd4+ 48. Kc1 Qe3+ 49. Kb1 Qe1+ 50. Ka2 c4 51. R2f4+ Kg3 52. Rxc4 {Weighted Error Value: White=0.14/Black=0.44} 1-0

[Event "Romanian Open 2021"]
[Site "Alba Iulia"]
[Date "2021.11.22"]
[Round "3.11"]
[White "Tudor, Henry Edward"]
[Black "Arion, Ilie"]
[Result "1-0"]
[WhiteElo "1753"]
[BlackElo "1758"]
[Annotator "NA RC"]
[PlyCount "59"]
[EventDate "2021.11.21"]
[EventType "swiss"]
[EventCountry "ROU"]
[SourceTitle "playchess.com"]
[Source "ChessBase"]
[SourceQuality "1"]
[TimeControl "5400+30"]

1. d4 {[%emt 0:00:04]} Nf6 {[%emt 1:31:00]} 2. c4 {[%emt 0:00:05]} c5 {[%emt 0:00:00]} 3. d5 {[%emt 0:00:13]} b5 {[%emt 0:00:00]} 4. cxb5 {[%emt 0:00:10]} a6 {[%emt 0:00:00]} 5. bxa6 {[%emt 0:00:05]} g6 {[%emt 0:00:00]} 6. Nc3 {[%emt 0:00:12]} Bg7 {[%emt 0:00:00]} 7. e4 {[%emt 0:00:29]} O-O {[%emt 0:00:00]} 8. Nf3 {[%emt 0:07:13]} Qa5 {[%emt 0:00:00]} 9. Nd2 {[%emt 0:01:37]} Bxa6 {[%emt 0:00:00]} 10. Be2 {[%emt 0:02:45]} d6 {[%emt 0:00:00]} 11. O-O {[%emt 0:00:24]} Bxe2 {[%emt 0:00:00]} 12. Qxe2 {[%emt 0:00:08]} Qa6 {[%emt 0:00:00]} 13. Nb5 {[%emt 0:01:22]} Nbd7 {[%emt 0:00:00]} 14. a4 {[%emt 0:00:54]} Rfb8 {[%emt 0:00:00]} 15. Ra3 {[%emt 0:00:18]} Nb6 {[%emt 0:00:00]} 16. b3 {[%emt 0:00:18]} Nfd7 {[%emt 0:00:00]} 17. f4 {[%emt 0:18:53]} Rc8 {[%emt 0:00:00]} 18. Ra2 {[%emt 0:01:37]} c4 {[%emt 0:00:00]} 19. Nxc4 {[%emt 0:11:31]} Nxc4 {[%emt 0:00:00]} 20. bxc4 {[%emt 0:00:08]} Nb6 {[%emt 0:00:00]} 21. Be3 {[%emt 0:00:43]} Rxc4 {[%emt 0:00:00]} 22. a5 {[%emt 0:02:16]} Qxb5 {[%emt 0:00:00]} 23. axb6 {[%emt 0:05:41]} Rxa2 24. Qxa2 {[%emt 0:00:01]} Bd4 {[%emt 0:00:00]} 25. Bxd4 {[%emt 0:06:59]} Rxd4 {[%emt 0:00:00]} 26. Qa8+ {[%emt 0:00:01]} Kg7 {[%emt 0:00:00]} 27. Qa1 {[%emt 0:00:01]} Qa4 {[%emt 0:00:00]} 28. Qb2 {[%emt 0:01:59]} Qb4 {[%emt 0:00:00]} 29. Rb1 {[%emt 0:00:06]} Qc5 {[%emt 0:00:00]} 30. Rd1 {[%emt 0:00:15]} 1-0